000 00404nam a2200157Ia 4500
008 230917s9999||||xx |||||||||||||| ||und||
020 _cRS300
040 _e9794
_aMAIN
041 _aEnglish
082 _a301.426 G552F
100 _aGoel, S L
245 0 _aFamily planning programme and beyond: policy and administration
260 _aNew Delhi
_bDeep & Deep
_c1990
300 _a348 p.
942 _cBK
999 _c83728
_d83728